000 00427nam a2200181Ia 4500
003 0STCL
008 150530s9999 xx 000 0 und d
040 _aSTCL
_cSTCL
100 _aChris Woodhead
245 _aNinteenth and Twentieth Century Verse
250 _a1
260 _bOxford University Press ; Delhi
_c2005
300 _a0
546 _aEnglish
942 _2ddc
_cBK
999 _c53310
_d53310
005 20220125170914.0